000 00675nam a2200265Ia 4500
003 OSt
005 20221007113000.0
006 a|||||r|||| 00| 0
007 ta
008 221006b |||||||| |||| 00| 0 eng d
020 _a0195691695
024 _a29,898
037 _cTextual
040 _aLCO
_cLCO
_beng
041 _2eng
_aeng
082 _aZ(Q7), P8
100 _aFyzee A.A.A.
_9240451
245 0 _aOutlines Of Muhammadan Law
250 _a5th
260 _aNew
_bDelhi Oxford University Press India
_c2008
300 _a414
650 _aMUHAMMADAN LAW
_9693225
942 _hZ(Q7), P8
_cTEXL
999 _c1199461
_d1199461